00595nam a2200133Ia 4500008004100000100002300041245011700064245012500181260005300306260001800359300000800377650001500385856006100400170221s9999 xx 000 0 und d aInna L. Litvinenko aConditions and Factors of the Positive Investment Climate Formation of Social and Economic System of the Region  cInna L. Litvinenko, Anna A. Grabar, Evgeny A. Tikhomirov, Vitaly A. Tupchienko, Yuri N. Yudenkov, Chulpan F. Gabidullina bInternational Review of Management and Marketing cDecember 2015 a7:2 xMarketing. uhttp://www.econjournals.com/index.php/irmm/issue/view/86